000
00283nam a2200109Ia 4500
008
171211s9999 xx 000 0 und d
245
_a
Wisdom for Hen Keepers
245
_c
GRAHAM CHRIS
260
_c
2014
650
_x
ANIMALS
856
_u
http://down.ebook777.com/043/1472900049.pdf
999
_c
348475
_d
348475